Effectif Arsenal 2025/2026 - Statistiques

Statistiques générales
  • Ce quiz a été pris 1 600 fois
    528 depuis la dernière actualisation
  • Le résultat moyen est 22 sur 25
Statistiques - réponses
Poste Numéro Pays Joueur % Correct
DEF 2 France William Saliba
99%
G 1 Espagne David Raya
98%
DEF 6 Brésil Gabriel Magalhães
97%
MIL 8 Norvège Martin Ødegaard
97%
COACH - Espagne Mikel Arteta
97%
ATT 7 Angleterre Bukayo Saka
96%
ATT 14 Suède Viktor Gyökeres
95%
ATT 9 Brésil Gabriel Jesus
94%
ATT 11 Brésil Gabriel Martinelli
94%
MIL 41 Angleterre Declan Rice
93%
ATT 19 Belgique Leandro Trossard
92%
DEF 33 Italie Riccardo Calafiori
90%
DEF 12 Pays-Bas Jurrien Timber
88%
ATT 29 Allemagne Kai Havertz
88%
MIL 36 Espagne Martín Zubimendi
87%
DEF 4 Angleterre Ben White
84%
MIL 23 Espagne Mikel Merino
84%
DEF 5 Equateur Piero Hincapié
83%
DEF 49 Angleterre Myles Lewis-Skelly
82%
ATT 10 Angleterre Eberechi Eze
80%
G 13 Espagne Kepa Arrizabalaga
76%
DEF 3 Espagne Cristhian Mosquera
72%
ATT 20 Angleterre Noni Madueke
72%
MIL 16 Danemark Christian Nørgaard
69%
MIL 56 Angleterre Max Dowman
62%
Aucun quiz correspondant
Distribution des résultats
% des personnes avec chaque résultat
Percentile par nombre de réponses
Votre historique - résultats
Vous n’avez pas pris ce quiz depuis la dernière actualisation